Plagas, enfermedades y malezas en manzanos y perales /

Guardado en:
Autor Principal: Castro, Héctor Roberto.
Autor Corporativo: Instituto Nacional de Tecnología Agropecuaria (Argentina)
Otros Autores: Vermeulen, Julián Desiderio., Bergna, Daniel., Rossini, Mirta Noemí.
Formato: Libro
Idioma:Spanish
Publicado: Castelar : INTA, 1989?
Series:Enciclopedia INTA de Protección Vegetal. ACINTACNIA ; fascículo 3
Etiquetas: Agregar Etiqueta
Sin Etiquetas, Sea el primero en etiquetar este registro!
LEADER 00799nam a22002055a 4500
001 EEA.libagro005115
005 20181004110301.0
008 130809s1989####ag#a##########000#0#spa#d
082 0 4 |a 634.119 
082 0 4 |a 634.139 
100 1 |a Castro, Héctor Roberto. 
245 1 0 |a Plagas, enfermedades y malezas en manzanos y perales /  |c Héctor Castro, Julián Vermeulen, Daniel Bergna, Mirta Rossini. 
260 |a Castelar :  |b INTA,  |c 1989? 
300 |a 56 p. :  |b il., fot. col. ;  |c 28 cm. 
490 1 |a Enciclopedia INTA de Protección Vegetal. ACINTACNIA ;  |v fascículo 3 
700 1 |a Vermeulen, Julián Desiderio. 
700 1 |a Bergna, Daniel. 
700 1 |a Rossini, Mirta Noemí. 
710 2 |a Instituto Nacional de Tecnología Agropecuaria (Argentina) 
859 |a AR-BbBCA  |b BIB. AGRONOMIA  |h 634.119  |i C355  |p 1995/2386